Cien años después del rescate del objeto auténtico: el significado científico de la obra arqueológica de Walter Lehmann al comienzo del siglo XXI /

Αποθηκεύτηκε σε:
Λεπτομέρειες βιβλιογραφικής εγγραφής
Κύριος συγγραφέας: Künne, Martin
Μορφή: Κείμενο
Ετικέτες: Προσθήκη ετικέτας
Δεν υπάρχουν, Καταχωρήστε ετικέτα πρώτοι!

MARC

LEADER 00000 a a2200000 04500
001 46872
003
040
090 |a REV1052 (23) 2010  
100 |a Künne, Martin  
245 |a Cien años después del rescate del objeto auténtico:   |b el significado científico de la obra arqueológica de Walter Lehmann al comienzo del siglo XXI /  |c Martin Künne  
773 |g número23, (2010), páginas 173-197  
999 |c 23859  |d 23859